000 00697nam a2200205 i 4500
001 59395
003 ES-MaACL
005 20240513120303.0
007 t|
008 031029s1964 sp ||||1| spa d
100 1 _aEllis, Keith.
_947051
245 1 3 _aEl arte narrativo de Francisco Ayala /
_cKeith Ellis.
260 _aMadrid :
_bGredos,
_c1964.
300 _a258 p. ;
_c21 cm.
490 1 _aBiblioteca románica hispánica. II. Estudios y ensayos ;
_v79
600 1 4 _aAyala, Francisco,
_d1906-2009-
_xCrítica e interpretación
_924112
830 0 _aBiblioteca románica hispánica. II. Estudios y ensayos ;
_v79
_9178108
852 _aES-MaACL
_jC-26643
_bR.55223
999 _c59395
_d59395